| 000 | 00883nam a22001577a 4500 | ||
|---|---|---|---|
| 003 | OSt | ||
| 005 | 20151026143309.0 | ||
| 008 | 151026b xxu||||| |||| 00| 0 eng d | ||
| 040 | _cRUA | ||
| 082 | _aAVM UNG 2012 B103 Or.1 | ||
| 100 |
_92907 _aUNG, SREYNIT. |
||
| 245 | _aeffect of peanut and vitamin 500 in concentred feed on growth performance of wuail in animal station farm's rua (ឥទ្ធិពលនៃការបន្ថែមគ្រប់សណ្តែកដី និង វីតាមីន ៥០០ ទៅក្នុងចំណីផ្សំលើការលូតលាស់របស់ក្រួចសាច់នៅស្ថានីយចិញ្ចឹមសត្វ នៃសាកលវីទ្យាល័យភូមិន្ទកសិកម្ម) | ||
| 260 |
_aPhnom Penh _bRUA _c2012 |
||
| 300 |
_axii, 45p. _bill. _c29cm. |
||
| 942 |
_2ddc _cAVM |
||
| 999 |
_c2725 _d2725 |
||